| 000 | 01315cam a2200265 4500 | ||
|---|---|---|---|
| 001 | L124083 | ||
| 008 | 031028n2005 000 0 eng u | ||
| 020 | _a0406957649 | ||
| 035 | _a(Sirsi) u124083 | ||
| 041 | _aeng | ||
| 050 |
_a346.41043 _c18 |
||
| 100 | _aHill, Gregory | ||
| 245 | 4 | _aThe Land Registration Act 2002 | |
| 260 |
_aLondon _bLexisNexis Butterworths _c2005 |
||
| 300 |
_axxxii, 664p. _c24cm. |
||
| 350 | _a40.00 | ||
| 490 | _aButterworths New Law Guides | ||
| 520 | _aProvides a systematic account of the Land Registration Act 2002 and the Land Registration Rules 2003, and highlights the changes made by the Act and their practical consequences. Pays particular attention to the rules relating to priorities of interests and registration of leases. Stamp Duty Land Tax is considered in relation to the registration of dispositions. Presents the full texts of the Act and the Rules and other relevant statutory instruments. These are cross-referenced to the narrative and to relevant definitions in the legislation. | ||
| 590 | _aIKA210605 | ||
| 650 | _aLAND REGISTRATION ACT 2002 | ||
| 650 | _aSTAMP DUTY LAND TAX | ||
| 650 | _aLAND REGISTRATION RULES 2003 | ||
| 690 | _aPROPERTY-PROPERTY ACQUISITION AND DISPOSAL-REGISTRATION OF TITLE TO PROPERTY-LAND REGISTRATION | ||
| 942 | _n0 | ||
| 999 |
_c103136 _d103136 |
||